000 00956nam a2200253 4500
005 20180310124103.0
010 _aBAC-EN21 ENG-111616
020 _a9789331324108
_c295.00
035 _aEN-95148
035 _aB-578697-729
035 _aB-667812
037 _bPrabhat Prakashan/Ven
_adpl
037 _bDBAD/PUB
082 _a025.1
100 _aTiwari, Purushotham
245 _aLibrary administration and organization /
_cby Purushotham Tiwari
260 _aNew Delhi
_bAPH Publishing
_c2014
270 _a4435-36/7,Ansari Road,Darya Ganj
_bNew Delhi
_e110002
300 _aviii,264p.
_c22cm(pbk)
500 _aIncludes bibliographical references and index
942 _2ddc
_cEN
_mTIW
_h025.1
999 _c89687
_d89687